Các thể loại Báo chí chính luận
Khái quát những thể loại cơ bản của chính luận báo chí và các dạng cụ thể của từng loại đang giữ vị trí chủ yếu trong báo chí hiện nay như: bình luận, xã luận, tiểu luận, điều tra, phê bình...
Đã lưu trong:
| Tác giả chính: | |
|---|---|
| Định dạng: | Sách |
| Ngôn ngữ: | Vietnamese |
| Được phát hành: |
H.
Đại học Quốc gia
2007
|
| Phiên bản: | In lần thứ 2, có sửu chữa |
| Những chủ đề: | |
| Các nhãn: |
Thêm thẻ
Không có thẻ, Là người đầu tiên thẻ bản ghi này!
|
| Thư viện lưu trữ: | Mạng thư viện Đại học Đà Nẵng |
|---|
| LEADER | 01384nam a2200361 4500 | ||
|---|---|---|---|
| 001 | 000006044 | ||
| 003 | 2198 | ||
| 005 | 20120823110847.0 | ||
| 008 | 110830s2007 viesd | ||
| 020 | |c 35000 | ||
| 041 | 0 | |a vie | |
| 082 | |a 070 |b TR-Q | ||
| 100 | 0 | |a Trần Quang | |
| 245 | 0 | |a Các thể loại Báo chí chính luận |c Trần Quang | |
| 250 | |a In lần thứ 2, có sửu chữa | ||
| 260 | |a H. |b Đại học Quốc gia |c 2007 | ||
| 300 | |a 398 tr |c 21 cm | ||
| 520 | |a Khái quát những thể loại cơ bản của chính luận báo chí và các dạng cụ thể của từng loại đang giữ vị trí chủ yếu trong báo chí hiện nay như: bình luận, xã luận, tiểu luận, điều tra, phê bình... | ||
| 653 | |a Báo chí Việt Nam | ||
| 653 | |a Các thể loại | ||
| 653 | |a Chính luận | ||
| 700 | |a Trần Quang |e Tác giả | ||
| 910 | |a Nguyễn Thị Kim Oanh |d 30/08/2011 | ||
| OWN | |a LSP | ||
| AVA | |a UDN50 |b LSP |d 070 TR-Q |e check_holdings |t Error 5003 Not defined in file expand_doc_bib_avail. |h N |k 1 | ||
| 999 | |a From the UDN01 | ||
| AVA | |a UDN50 |b LSP |d 070 TR-Q |e available |t Error 5001 Not defined in file expand_doc_bib_avail. |f 26 |g 3 |h N |i 79 |k 1 | ||
| TYP | |a Monograph | ||
| TYP | |a Printed language | ||
| 980 | |a Mạng thư viện Đại học Đà Nẵng | ||